书目信息 |
| 题名: |
建筑工程概预算
|
|
| 作者: | 阎瑾 主编 | |
| 分册: | ||
| 出版信息: | 武汉 武汉工业大学出版社 |
|
| 页数: | 187页 | |
| 开本: | 26cm | |
| 丛书名: | ||
| 单 册: | ||
| 中图分类: | TU723.3 | |
| 科图分类: | ||
| 主题词: | 建筑工程--施工组织 , 建筑工程--施工计划 | |
| 电子资源: | ||
| ISBN: | 7-5629-1468-0 | |
| 000 | 00572nam0 2200205 450 | |
| 001 | 0656811812 | |
| 005 | 20160503092021.93 | |
| 010 | @a7-5629-1468-0@dCNY13.80 | |
| 100 | @a20061213d km y0chiy0120 ea | |
| 101 | 0 | @achi |
| 102 | @aCN@b420000 | |
| 200 | 1 | @a建筑工程概预算@Ajian zhu gong cheng gai yu suan@f阎瑾主编@Fyan jin zhu bian |
| 210 | @a武汉@c武汉工业大学出版社 | |
| 215 | @a187页@d26cm | |
| 606 | 0 | @a建筑工程@x施工组织 |
| 606 | 0 | @a建筑工程@x施工计划 |
| 690 | @aTU723.3@v3 | |
| 701 | 0 | @a阎瑾@Ayan jin@4主编 |
| 801 | 0 | @aCN@c20110915 |
| 905 | @dTU723.3@eY090 | |
| 建筑工程概预算/阎瑾主编.-武汉:武汉工业大学出版社 |
| 187页;26cm |
| ISBN 7-5629-1468-0:CNY13.80 |
| ● |
| 相关链接 |
|
|
|
正题名:建筑工程概预算
索取号:TU723.3/Y090
 
预约/预借
| 序号 | 登录号 | 条形码 | 馆藏地/架位号 | 状态 | 备注 |
| 1 | 1237874 | 212378746 | 管理学院资料室/ [索取号:TU723.3/Y090] | 在馆 | |
| 2 | 444267 | 204442674 | 管理学院资料室/ [索取号:TU723.3/Y090] | 在馆 | |
| 3 | 444284 | 204442843 | 管理学院资料室/ [索取号:TU723.3/Y090] | 在馆 | |
| 4 | 444415 | 204444155 | 管理学院资料室/ [索取号:TU723.3/Y090] | 在馆 | |
| 5 | 460168 | 204601680 | 建筑库201/201建筑库 38排2列3层/ [索取号:TU723.3/Y090] | 在馆 | |
| 6 | 466605 | 204666058 | 城院文库/ [索取号:TU723.3/Y090] | 在馆 |